Alle Torhüter der Fußball Bundesliga 24/25 - Statistiken

Allgemein
  • Dieses Quiz wurde 150 mal gespielt
  • Das Durchschnittsergebnis liegt bei 23 aus 36
Antwortstatistiken
Verein Name Nation % Korrekt
FC Bayern München Manuel Neuer Deutschland
99%
VfB Stuttgart Alexander Nübel Deutschland
97%
Borussia Dortmund Gregor Kobel Schweiz
94%
TSG 1899 Hoffenheim Oliver Baumann Deutschland
93%
Eintracht Frankfurt Kevin Trapp Deutschland
92%
Bayer 04 Leverkusen Lukas Hradecky Finnland
90%
FC Bayern München Jonas Urbig Deutschland
89%
SC Freiburg Florian Müller Deutschland
86%
1. FC Heidenheim Kevin Müller Deutschland
86%
VFL Wolfsburg Marius Müller Deutschland
86%
RB Leipzig Peter Gulasci Ungarn
84%
Bayer 04 Leverkusen Matej Kovar Tschechien
80%
SC Freiburg Noah Atubolu Deutschland
78%
FC Augsburg Finn Dahmen Deutschland
77%
Eintracht Frankfurt Kauã Santos Brasilien
77%
1. FSV Mainz 05 Robin Zentner Deutschland
77%
Werder Bremen Michael Zetterer Deutschland
74%
Borussia Dortmund Alexander Meyer Deutschland
72%
Borussia Mönchengladbach Jonas Omlin Schweiz
72%
1. FC Union Berlin Frederik Rönnow Dänemark
71%
VFL Wolfsburg Kamil Grabara Polen
64%
Borussia Mönchengladbach Moritz Nicolas Deutschland
63%
VFL Bochum Timo Horn Deutschland
59%
VfB Stuttgart Fabian Bredlow Deutschland
56%
FC St. Pauli Nikola Vasilj Bosnien- und Herzigowina
50%
VFL Bochum Patrick Drewes Deutschland
44%
Werder Bremen Mio Backhaus Deutschland
37%
1. FC Union Berlin Alexander Schwolow Deutschland
36%
RB Leipzig Maarten Vandevoordt Belgien
33%
Holstein Kiel Timon Weiner Deutschland
33%
FC Augsburg Nediljko Labrovic Kroatien
32%
TSG 1899 Hoffenheim Luca Philipp Deutschland
28%
Holstein Kiel Thomas Dähne Deutschland
18%
1. FSV Mainz 05 Lasse Rieß Deutschland
14%
1. FC Heidenheim Vitus Eicher Deutschland
11%
FC St. Pauli Ben Voll Deutschland
10%
Keine übereinstimmenden Quizze gefunden
Verteilung der Resultate
Anzahl Personen mit jedem Resultat
Perzentil nach korrekt beantworteten Fragen
Ihre Resultats-Entwicklung
Sie haben dieses Quiz noch nicht gespielt